Normal view
MARC view
Entry Personal Name
001 - CONTROL NUMBER
- control field: 29740
003 - CONTROL NUMBER IDENTIFIER
- control field: ARRUPE
005 - DATE AND TIME OF LATEST TRANSACTION
- control field: 20170411084938.0
008 - FIXED-LENGTH DATA ELEMENTS
- fixed length control field: 170411|| aca||aabn | a|a d
040 ## - CATALOGING SOURCE
- Original cataloging agency: ARRUPE
- Transcribing agency: ARRUPE
100 ## - HEADING--PERSONAL NAME
- Personal name: Gramsci, Antonio
670 ## - SOURCE DATA FOUND
- Source citation: Work cat.: (ARRUPE)126371: Fiori, Giuseppe 29724, Antonio Gramsci, 1990